000 00615nam a2200265Ia 4500
005 20260306164312.0
008 008 260114s9999 xx 000 0 eng d
020 _a9781503603356
037 _aEBOOK
040 _aCRL
040 _beng
040 _cCRL
041 _2eng
041 _aeng
084 _qCRL
100 _aChristina, Fort
_91130393
245 4 _aThe Sincerity Edge
260 _bStanford University Press
260 _c2018
650 _aEconomics & Finance
856 _uhttps://academic.oup.com/book/21719
942 _cEBOOK
999 _c1713566
_d1713566